[Event "GER Seniors Derby 13th"]
[Site "Wesel Undeloh"]
[Date "2014.05.09"]
[Round "6"]
[White "Ohst, Edgar"]
[Black "Bobzien, Richard"]
[Result "1-0"]
[WhiteElo "1640"]
[BlackElo "1529"]
[PlyCount "27"]
[EventDate "2014.05.07"]
[EventType "swiss"]
[EventRounds "9"]
[EventCountry "GER"]
[SourceTitle "EXT 2018"]
[Source "ChessBase"]
[SourceDate "2017.10.13"]
[SourceVersion "1"]
[SourceVersionDate "2017.10.13"]
[SourceQuality "1"]

1. d4 Nf6 2. Nf3 d5 3. Bf4 e6 4. e3 Bd6 5. Bg3 Ne4 6. Bd3 Bxg3 7. hxg3 f5 8. Ne5 Nf6 9. g4 Nbd7 10. gxf5 Nxe5 11. dxe5 Ne4 12. Qh5+ Kf8 13. f6 Qe8 14. fxg7+ 1-0